Local air quality management (Record no. 70096)

MARC details
000 -LEADER
fixed length control field 01712cam a2200277 4500
001 - CONTROL NUMBER
control field ABS65372
008 - FIXED-LENGTH DATA ELEMENTS--GENERAL INFORMATION
fixed length control field 020426n2002 000 0 eng u
035 ## - SYSTEM CONTROL NUMBER
System control number (Sirsi) u117712
100 ## - MAIN ENTRY--PERSONAL NAME
Personal name Morris, G
245 ## - TITLE STATEMENT
Title Local air quality management
260 ## - PUBLICATION, DISTRIBUTION, ETC.
Date of publication, distribution, etc. 2002
490 ## - SERIES STATEMENT
Series statement Environment Information Bulletin
Volume/sequential designation (118) April 2002, 16(1)
520 ## - SUMMARY, ETC.
Summary, etc. Looks at the different legislation governing air pollution and highlights the responsibilities and powers of local authorities to improve air quality. The Pollution Prevention and Control Act 1999 controls air pollution from process industries. In terms of monitoring air quality and maintaining standards, the Environment Act 1995 Part IV establishes a framework, placing a duty on local authorities to review air quality in their area. The Air Quality Regulations 2000 and the Air Quality Limit Value Regulations 2001 complement the framework. The Clean Air Act 1993 deals with emissions of dark and black smoke from chimneys, industrial and trade premises and bonfires, and gives local authorities wide powers of inspection. Finally, the Environmental Protection Act 1990 Part III brands certain emissions as statutory nuisances and gives local authorities the power to serve an abatement notice.
590 ## - LOCAL NOTE (RLIN)
Local note ABS
650 ## - SUBJECT ADDED ENTRY--TOPICAL TERM
Topical term or geographic name entry element AIR QUALITY
650 ## - SUBJECT ADDED ENTRY--TOPICAL TERM
Topical term or geographic name entry element AIR POLLUTION
650 ## - SUBJECT ADDED ENTRY--TOPICAL TERM
Topical term or geographic name entry element LOCAL AUTHORITIES
650 ## - SUBJECT ADDED ENTRY--TOPICAL TERM
Topical term or geographic name entry element CLEAN AIR ACT 1993
650 ## - SUBJECT ADDED ENTRY--TOPICAL TERM
Topical term or geographic name entry element POLLUTION PREVENTION AND CONTROL ACT 1999
650 ## - SUBJECT ADDED ENTRY--TOPICAL TERM
Topical term or geographic name entry element ENVIRONMENT ACT 1995
650 ## - SUBJECT ADDED ENTRY--TOPICAL TERM
Topical term or geographic name entry element AIR QUALITY REGULATIONS 2000
650 ## - SUBJECT ADDED ENTRY--TOPICAL TERM
Topical term or geographic name entry element AIR QUALITY LIMIT VALUES REGULATIONS 2001
650 ## - SUBJECT ADDED ENTRY--TOPICAL TERM
Topical term or geographic name entry element ENVIRONMENTAL PROTECTION ACT 1990
690 ## - LOCAL SUBJECT ADDED ENTRY--TOPICAL TERM (OCLC, RLIN)
Topical term or geographic name as entry element ENVIRONMENTAL AND LAND CONSULTANCY
942 ## - ADDED ENTRY ELEMENTS (KOHA)
Suppress in OPAC 0
Holdings
Withdrawn status Lost status Source of classification or shelving scheme Damaged status Not for loan Home library Current library Shelving location Date acquired Total Checkouts Full call number Barcode Date last seen Copy number Price effective from Koha item type
    Dewey Decimal Classification     London London Journal article 26/04/2002   ABS65372 117712-1001 06/08/2019 1 06/08/2019 Journal article